[Event "Izmailov Memorial op 15th"]
[Site "Tomsk"]
[Date "2011.06.04"]
[Round "4"]
[White "Mukhamadeev, Razit"]
[Black "Sharapova, Anzama"]
[Result "1-0"]
[WhiteElo "2089"]
[BlackElo "2013"]
[PlyCount "81"]
[EventDate "2011.06.01"]
[EventType "swiss"]
[EventRounds "9"]
[EventCountry "RUS"]
[SourceTitle "EXT 2013"]
[Source "ChessBase"]
[SourceDate "2012.11.22"]
[SourceVersion "1"]
[SourceVersionDate "2012.11.22"]
[SourceQuality "1"]

1. e4 c5 2. Nf3 Nc6 3. d4 cxd4 4. Nxd4 Nf6 5. Nc3 d6 6. Bc4 Qb6 7. Nb3 e6 8. 0-0 Be7 9. Be3 Qc7 10. f4 a6 11. a4 b6 12. Qe2 0-0 13. Rad1 Bb7 14. Bf2 Nb4 15. Bd3 d5 16. e5 Nd7 17. Qh5 g6 18. Qh6 Nc5 19. Nd4 Nbxd3 20. cxd3 f6 21. Bg3 fxe5 22. fxe5 Qd8 23. Qh3 Rxf1+ 24. Rxf1 Qc8 25. Bf4 a5 26. Qf3 Bf8 27. Bg5 Bg7 28. Ncb5 Bxe5 29. Qf7+ Kh8 30. Bf6+ Bxf6 31. Qxf6+ Kg8 32. Qf7+ Kh8 33. Nd6 Qb8 34. Qf6+ Kg8 35. Nxe6 Nxe6 36. Qxe6+ Kh8 37. Nf7+ Kg7 38. Qf6+ Kf8 39. Ng5+ Ke8 40. Re1+ Kd7 41. Re7+ 1-0

[Event "Izmailov Memorial op 15th"]
[Site "Tomsk"]
[Date "2011.06.01"]
[Round "1"]
[White "Sharapova, Anzama"]
[Black "Yudin, Sergei"]
[Result "0-1"]
[WhiteElo "2013"]
[BlackElo "2518"]
[PlyCount "86"]
[EventDate "2011.06.01"]
[EventType "swiss"]
[EventRounds "9"]
[EventCountry "RUS"]
[SourceTitle "EXT 2013"]
[Source "ChessBase"]
[SourceDate "2012.11.22"]
[SourceVersion "1"]
[SourceVersionDate "2012.11.22"]
[SourceQuality "1"]

1. e4 d6 2. d4 Nf6 3. Nc3 e5 4. Nge2 Be7 5. g3 c6 6. Bg2 0-0 7. a4 a5 8. 0-0 Na6 9. h3 Re8 10. Be3 Nb4 11. f4 exd4 12. Bxd4 d5 13. e5 Nd7 14. Bf2 Bc5 15. Nd4 f6 16. exf6 Qxf6 17. Nce2 Bd6 18. c3 Na6 19. Nf3 Nac5 20. Bd4 Qe7 21. Re1 Qf8 22. Qc2 Nf6 23. Ne5 Nce4 24. c4 c5 25. Be3 d4 26. Bxe4 dxe3 27. Bg2 Bxe5 28. fxe5 Rxe5 29. Nf4 Qe7 30. Re2 Be6 31. Rae1 Bf7 32. Qb3 Re8 33. Nd3 Rg5 34. g4 Qd6 35. Rxe3 Rxe3 36. Rxe3 h5 37. gxh5 Qd4 38. Nf2 Bxc4 39. Qc3 Bd5 40. Ng4 Nxg4 41. Qxd4 cxd4 42. Rg3 Bxg2 43. Rxg2 Ne5 0-1

[Event "Sibiria Region-ch (Women)"]
[Site "Barnaul"]
[Date "2011.05.28"]
[Round "9"]
[White "Avdeenko, Tatiana"]
[Black "Sharapova, Anzama"]
[Result "1-0"]
[WhiteElo "2175"]
[BlackElo "2013"]
[PlyCount "93"]
[EventDate "2011.05.20"]
[EventType "swiss"]
[EventRounds "9"]
[EventCountry "RUS"]
[SourceTitle "EXT 2012"]
[Source "ChessBase"]
[SourceDate "2011.11.24"]
[SourceVersion "1"]
[SourceVersionDate "2011.11.24"]
[SourceQuality "1"]

1. e4 c5 2. Nc3 Nc6 3. Bb5 Nd4 4. Bc4 e6 5. Nf3 a6 6. 0-0 b5 7. Bd3 Bb7 8. Nxd4 cxd4 9. Ne2 Bc5 10. b4 Bxb4 11. Nxd4 Nf6 12. e5 Qb6 13. Bb2 Bc5 14. Nb3 Nd5 15. Nxc5 Qxc5 16. Qg4 f5 17. exf6 gxf6 18. Qh5+ Ke7 19. c4 bxc4 20. Rfc1 Rag8 21. g3 Rg5 22. Qf3 Qb4 23. Be4 Qxb2 24. Rab1 Qxa2 25. Rxb7 a5 26. h4 Re5 27. Qg4 Rf8 28. Qg7+ Rf7 29. Rxd7+ Kxd7 30. Qxf7+ Ne7 31. Rb1 Qxb1+ 32. Bxb1 Re1+ 33. Kg2 Rxb1 34. Qxh7 Rb4 35. Qg7 a4 36. Qxf6 a3 37. Qd4+ Nd5 38. Qa7+ Kd6 39. Qxa3 Ke5 40. Qf3 Rb3 41. Qg4 Rb4 42. h5 Kd6 43. h6 Rb7 44. Qg6 Ne7 45. Qg7 Rc7 46. h7 Nf5 47. Qxc7+ 1-0

[Event "Sibiria Region-ch (Women)"]
[Site "Barnaul"]
[Date "2011.05.26"]
[Round "7"]
[White "Trapeznikova, Darya"]
[Black "Sharapova, Anzama"]
[Result "1-0"]
[WhiteElo "1988"]
[BlackElo "2013"]
[PlyCount "99"]
[EventDate "2011.05.20"]
[EventType "swiss"]
[EventRounds "9"]
[EventCountry "RUS"]
[SourceTitle "EXT 2012"]
[Source "ChessBase"]
[SourceDate "2011.11.24"]
[SourceVersion "1"]
[SourceVersionDate "2011.11.24"]
[SourceQuality "1"]

1. Nf3 c5 2. c4 Nc6 3. d4 cxd4 4. Nxd4 Nf6 5. Nc3 g6 6. e4 d6 7. Be2 Bg7 8. Be3 0-0 9. 0-0 Bd7 10. Qd2 Nxd4 11. Bxd4 Bc6 12. f3 Ne8 13. Bf2 Nc7 14. b4 Ne6 15. Rab1 b6 16. Nd5 Nc7 17. Rfc1 e6 18. Nxc7 Qxc7 19. c5 bxc5 20. bxc5 d5 21. exd5 Bxd5 22. Bg3 Be5 23. Bxe5 Qxe5 24. Ba6 Rab8 25. Rxb8 Rxb8 26. c6 Qc7 27. Bb7 Rxb7 28. cxb7 Qxb7 29. a3 Qb6+ 30. Qf2 Qxf2+ 31. Kxf2 a5 32. Ke3 a4 33. Rc5 Kf8 34. Kd4 Bb3 35. Kc3 Ke7 36. Rb5 Kd6 37. Rb7 e5 38. Rxb3 axb3 39. Kxb3 Kc5 40. Kc3 Kb5 41. a4+ Kxa4 42. Kc4 f6 43. Kd5 Kb4 44. Ke6 Kc4 45. Kxf6 Kd4 46. h3 Ke3 47. Kxe5 Kf2 48. Kf4 Kxg2 49. h4 Kh3 50. Kg5 1-0

[Event "Sibiria Region-ch (Women)"]
[Site "Barnaul"]
[Date "2011.05.23"]
[Round "4"]
[White "Ubiennykh, Ekaterina"]
[Black "Sharapova, Anzama"]
[Result "1-0"]
[WhiteElo "2308"]
[BlackElo "2013"]
[PlyCount "53"]
[EventDate "2011.05.20"]
[EventType "swiss"]
[EventRounds "9"]
[EventCountry "RUS"]
[SourceTitle "EXT 2012"]
[Source "ChessBase"]
[SourceDate "2011.11.24"]
[SourceVersion "1"]
[SourceVersionDate "2011.11.24"]
[SourceQuality "1"]

1. e4 c5 2. Nf3 Nc6 3. Nc3 d6 4. d4 cxd4 5. Nxd4 e5 6. Nb3 Be6 7. g3 Be7 8. Bg2 Nf6 9. Bg5 Qd7 10. Qd2 a5 11. Bxf6 Bxf6 12. Rd1 a4 13. Nc1 Nd4 14. 0-0 Bh3 15. Nd5 Bxg2 16. Kxg2 Qc6 17. c3 Ne6 18. Nd3 Bg5 19. f4 Bh6 20. Qe2 Ra5 21. fxe5 Ng5 22. N3b4 Qd7 23. Qh5 Nxe4 24. e6 Qxe6 25. Nc7+ Kd7 26. Qxa5 Ng5 27. Nxe6 1-0

[Event "Ulan-Ude op"]
[Site "Ulan-Ude"]
[Date "2011.01.21"]
[Round "9"]
[White "Sharapova, Anzama"]
[Black "Leonov, Mikhail"]
[Result "0-1"]
[WhiteElo "2011"]
[BlackElo "2031"]
[PlyCount "138"]
[EventDate "2011.01.15"]
[EventType "swiss"]
[EventRounds "9"]
[EventCountry "RUS"]
[SourceTitle "CBM 140 Extra"]
[Source "ChessBase"]
[SourceDate "2011.03.01"]
[SourceVersion "1"]
[SourceVersionDate "2011.03.01"]
[SourceQuality "1"]

1. e4 g6 2. d4 Bg7 3. Nc3 c6 4. Be3 d6 5. Qd2 Nf6 6. f3 Qa5 7. Bd3 Nbd7 8. Nge2 c5 9. dxc5 Nxc5 10. 0-0-0 Bd7 11. Kb1 Rc8 12. g4 Bc6 13. Bd4 Ne6 14. Bxf6 Bxf6 15. Nd5 Qxd2 16. Nxf6+ exf6 17. Rxd2 h5 18. gxh5 Rxh5 19. Ng3 Rh4 20. Rhd1 Ke7 21. Bc4 Ng5 22. Rxd6 Nxf3 23. Bb3 Rxh2 24. R6d3 Ne5 25. Rd4 Rg2 26. Nf1 Rg1 27. a3 Rh8 28. Bd5 Rhh1 29. Ne3 Nf3 30. R4d3 Bb5 31. c4 Ne5 32. Rd4 Ba4 33. Rxg1 Rxg1+ 34. Ka2 Rg3 35. c5 Bc6 36. Nc2 Nd3 37. Bxc6 bxc6 38. Rc4 Nc1+ 39. Kb1 Rg1 40. Nb4 Nd3+ 41. Kc2 Ne5 42. Rd4 Rg2+ 43. Kb3 Rg3+ 44. Ka2 g5 45. Rd6 g4 46. Nxc6+ Nxc6 47. Rxc6 Re3 48. Rc7+ Ke6 49. c6 Rxe4 50. Kb3 g3 51. Rd7 Re1 52. Rd8 Rc1 53. Rg8 f5 54. Rxg3 Rxc6 55. Ka4 f4 56. Rf3 Kf5 57. b4 Rc7 58. b5 Ke4 59. Rf1 f3 60. Ka5 Ke3 61. a4 Ke2 62. b6 Rb7 63. Rb1 axb6+ 64. Ka6 Rd7 65. Kxb6 f2 66. a5 f1Q 67. Ka6 Ra7+ 68. Kxa7 Qxb1 69. a6 Qb5 0-1

[Event "Ulan-Ude op"]
[Site "Ulan-Ude"]
[Date "2011.01.20"]
[Round "8"]
[White "Radnaev, Anatoly"]
[Black "Sharapova, Anzama"]
[Result "0-1"]
[WhiteElo "2052"]
[BlackElo "2011"]
[PlyCount "90"]
[EventDate "2011.01.15"]
[EventType "swiss"]
[EventRounds "9"]
[EventCountry "RUS"]
[SourceTitle "CBM 140 Extra"]
[Source "ChessBase"]
[SourceDate "2011.03.01"]
[SourceVersion "1"]
[SourceVersionDate "2011.03.01"]
[SourceQuality "1"]

1. d4 Nf6 2. Nf3 d6 3. Bg5 Ne4 4. Bf4 Nd7 5. Nbd2 Nef6 6. h3 g6 7. e3 Bg7 8. Bd3 c5 9. c3 0-0 10. h4 Re8 11. h5 e5 12. dxe5 dxe5 13. Bg5 Qc7 14. hxg6 hxg6 15. Qc2 b6 16. 0-0-0 Bb7 17. Bc4 Bd5 18. Bxd5 Nxd5 19. Qe4 N5f6 20. Qh4 e4 21. Bf4 Qc6 22. Ng5 Ne5 23. Bxe5 Rxe5 24. Nc4 Rd5 25. f4 Rad8 26. b3 Rxd1+ 27. Rxd1 Rxd1+ 28. Kxd1 Qd5+ 29. Kc1 Qd3 30. Qe1 Nd5 31. Ne5 Bxe5 32. fxe5 Nxc3 33. Kb2 Nd1+ 34. Kc1 Nxe3 35. Qf2 Nf5 36. e6 fxe6 37. Nxe6 e3 38. Qf4 Qd2+ 39. Kb1 Qe1+ 40. Kc2 Nd4+ 41. Nxd4 Qf2+ 42. Ne2 Qxe2+ 43. Kc1 Qd2+ 44. Kb1 Qd1+ 45. Kb2 Qd4+ 0-1

[Event "EU-ch U16 Girls"]
[Site "Batumi"]
[Date "2010.09.22"]
[Round "3"]
[White "Yashchenko, Olena"]
[Black "Sharapova, Anzama"]
[Result "0-1"]
[WhiteElo "1762"]
[BlackElo "2024"]
[PlyCount "70"]
[EventDate "2010.09.20"]
[EventType "swiss"]
[EventRounds "9"]
[EventCountry "GEO"]
[SourceTitle "CBM 138 Extra"]
[Source "ChessBase"]
[SourceDate "2010.10.29"]
[SourceVersion "1"]
[SourceVersionDate "2010.10.29"]
[SourceQuality "1"]

1. d4 Nf6 2. c4 g6 3. Nc3 Bg7 4. Nf3 d6 5. Bf4 0-0 6. h3 Nfd7 7. e3 e5 8. Bh2 Nc6 9. Be2 f5 10. 0-0 Kh8 11. a3 h6 12. b4 g5 13. d5 Ne7 14. Qb3 Ng6 15. Rac1 h5 16. Na4 g4 17. hxg4 hxg4 18. Nd2 Qg5 19. c5 f4 20. Ne4 Qh6 21. Rfd1 f3 22. Bf1 fxg2 23. Bxg2 Nh4 24. Qd3 Nf3+ 25. Bxf3 gxf3 26. Nd2 Nf6 27. Nc3 Bh3 28. e4 Ng4 29. Nxf3 Rxf3 30. Qxf3 Nxh2 31. Qg3 Ng4 32. Rc2 Bf6 33. Kh1 Rg8 34. f3 Nf2+ 35. Qxf2 Bg2+ 0-1

[Event "EU-ch U16 Girls"]
[Site "Batumi"]
[Date "2010.09.21"]
[Round "2"]
[White "Sharapova, Anzama"]
[Black "Olenina, Aysa"]
[Result "0-1"]
[WhiteElo "2024"]
[BlackElo "2059"]
[PlyCount "90"]
[EventDate "2010.09.20"]
[EventType "swiss"]
[EventRounds "9"]
[EventCountry "GEO"]
[SourceTitle "CBM 138 Extra"]
[Source "ChessBase"]
[SourceDate "2010.10.29"]
[SourceVersion "1"]
[SourceVersionDate "2010.10.29"]
[SourceQuality "1"]

1. e4 e5 2. Nf3 Nc6 3. Bc4 Bc5 4. d3 Nf6 5. c3 d6 6. 0-0 0-0 7. Bg5 h6 8. Bh4 Bg4 9. Nbd2 a6 10. Bb3 Qe7 11. Nc4 Nd8 12. Ne3 Bxe3 13. fxe3 g5 14. Bg3 Ne6 15. Qe1 Nh5 16. h4 Nxg3 17. Qxg3 Bxf3 18. Rxf3 Kh7 19. Qg4 Nc5 20. Qf5+ Kg7 21. Bc2 Qe6 22. hxg5 Qxf5 23. gxh6+ Kxh6 24. exf5 Rg8 25. d4 Nd7 26. f6 Rae8 27. Raf1 Rg5 28. Kf2 e4 29. Rf4 d5 30. c4 c6 31. cxd5 cxd5 32. Bd1 Kg6 33. Kg1 Nb6 34. Bg4 Nc4 35. Kf2 Nxb2 36. Be2 Rc8 37. Rb1 Rc2 38. Kf1 b5 39. Rf2 Rf5 40. Rxf5 Kxf5 41. Bh5 Kxf6 42. Kg1 Nc4 43. Re1 Rxa2 44. g4 Ke7 45. g5 b4 0-1

[Event "Wch Blitz qf (Women)"]
[Site "Moscow"]
[Date "2010.09.14"]
[Round "4"]
[White "Severina, Maria"]
[Black "Sharapova, Anzama"]
[Result "1-0"]
[WhiteElo "1991"]
[BlackElo "2024"]
[PlyCount "61"]
[EventDate "2010.09.14"]
[EventType "swiss (blitz)"]
[EventRounds "11"]
[EventCountry "RUS"]
[SourceTitle "CBM 138 Extra"]
[Source "ChessBase"]
[SourceDate "2010.10.29"]
[SourceVersion "1"]
[SourceVersionDate "2010.10.29"]
[SourceQuality "1"]

1. d4 Nf6 2. c4 c5 3. Nf3 cxd4 4. Nxd4 Nc6 5. Nc3 e6 6. e4 Bb4 7. f3 d5 8. cxd5 exd5 9. Bb5 Bd7 10. 0-0 Bc5 11. Be3 Nxd4 12. Bxd7+ Nxd7 13. Bxd4 Qb6 14. Bxc5 Qxc5+ 15. Kh1 d4 16. Ne2 0-0 17. Qxd4 Qe7 18. Rfd1 Rad8 19. Qxa7 Qb4 20. Qd4 Qb5 21. Ng3 Qg5 22. Qd2 Qg6 23. Qf2 Qf6 24. b3 Ne5 25. Qe2 Ng6 26. Rxd8 Rxd8 27. Rd1 Rf8 28. Nf5 Nf4 29. Qd2 Qe5 30. Qd4 Qc7 31. Qxg7# 1-0

[Event "Wch Blitz qf (Women)"]
[Site "Moscow"]
[Date "2010.09.14"]
[Round "1"]
[White "Sharapova, Anzama"]
[Black "Fatianova, Tatiana"]
[Result "0-1"]
[WhiteElo "2024"]
[BlackElo "2289"]
[PlyCount "71"]
[EventDate "2010.09.14"]
[EventType "swiss (blitz)"]
[EventRounds "11"]
[EventCountry "RUS"]
[SourceTitle "CBM 138 Extra"]
[Source "ChessBase"]
[SourceDate "2010.10.29"]
[SourceVersion "1"]
[SourceVersionDate "2010.10.29"]
[SourceQuality "1"]

1. e4 d6 2. d4 Nf6 3. Nc3 e5 4. dxe5 dxe5 5. Qxd8+ Kxd8 6. Bg5 Be6 7. 0-0-0+ Nbd7 8. f4 exf4 9. Nf3 Kc8 10. Bxf4 Bc5 11. Bb5 h6 12. Kb1 c6 13. Be2 Ng4 14. Rhf1 Ne3 15. Bxe3 Bxe3 16. Nd4 Bxd4 17. Rxd4 Ne5 18. h3 Kc7 19. Rfd1 Rhe8 20. h4 Re7 21. Bf3 Rae8 22. Ne2 Ng4 23. Nf4 Bc8 24. Re1 Ne5 25. Ra4 Kb8 26. Ra3 Nc4 27. Rc3 Nd2+ 28. Ka1 Nxe4 29. Rce3 f5 30. g4 Kc7 31. gxf5 Bxf5 32. Bxe4 Bxe4 33. Ne2 Bxc2 34. Rxe7+ Rxe7 35. Rc1 Bd3 36. Nd4 0-1

[Event "Moscow op-C (Women)"]
[Site "Moscow"]
[Date "2010.02.07"]
[Round "9.38"]
[White "Kareva, Natalia"]
[Black "Sharapova, Anzama"]
[Result "1/2-1/2"]
[WhiteElo "2073"]
[BlackElo "1938"]
[PlyCount "50"]
[EventDate "2010.01.30"]
[EventType "swiss"]
[EventRounds "9"]
[EventCountry "RUS"]
[SourceTitle "EXT 2023"]
[Source "ChessBase"]
[SourceDate "2022.10.05"]
[SourceVersion "1"]
[SourceVersionDate "2022.10.05"]
[SourceQuality "1"]

1. e4 c5 2. Nf3 Nc6 3. d4 cxd4 4. Nxd4 e5 5. Ne2 Nf6 6. Nbc3 Bb4 7. a3 Bc5 8. b4 Bb6 9. h3 0-0 10. g3 Nd4 11. Bg2 d6 12. 0-0 Be6 13. Be3 Nxe2+ 14. Qxe2 Qc8 15. Bxb6 Bc4 16. Qd2 Bxf1 17. Rxf1 axb6 18. Nb5 Qc6 19. Qd3 Rfd8 20. Rd1 h6 21. f4 Ne8 22. c4 Kh7 23. g4 g6 24. h4 Nf6 25. Bf3 Kg7 1/2-1/2

[Event "RUS-ch U14 Girls"]
[Site "Dagomys"]
[Date "2009.04.21"]
[Round "7"]
[White "Sharapova, Anzama"]
[Black "Sysoykina, Lidia"]
[Result "1-0"]
[WhiteElo "1897"]
[BlackElo "1959"]
[PlyCount "118"]
[EventDate "2009.04.15"]
[EventType "swiss"]
[EventRounds "9"]
[EventCountry "RUS"]
[SourceTitle "CBM 130 Extra"]
[Source "ChessBase"]
[SourceDate "2009.07.02"]
[SourceVersion "2"]
[SourceVersionDate "2009.07.15"]
[SourceQuality "1"]

1. e4 e5 2. Nf3 Nc6 3. Bb5 g6 4. d4 exd4 5. c3 dxc3 6. Nxc3 Bg7 7. Bg5 f6 8. Bf4 Nge7 9. Qb3 a6 10. Be2 Na5 11. Qa3 Nac6 12. Bc4 Rb8 13. b4 b5 14. Be2 0-0 15. Qb3+ Kh8 16. h4 Ng8 17. Nd5 d6 18. Rc1 Bd7 19. h5 g5 20. Be3 Rb7 21. Qc2 h6 22. Nd2 Nge7 23. Nxe7 Qxe7 24. a3 a5 25. Bf3 g4 26. Bxg4 Nxb4 27. axb4 Bxg4 28. bxa5 c5 29. Qd3 f5 30. Bf4 fxe4 31. Qg3 Qe6 32. Bxd6 Ra8 33. Bxc5 Rxa5 34. 0-0 Bxh5 35. Qe3 Bg6 36. Nb3 Ra8 37. Bb4 Rf7 38. Nd4 Qd5 39. Rfd1 Qh5 40. Bd6 Ra2 41. Ne6 Rfxf2 42. Qxf2 Rxf2 43. Kxf2 Qf5+ 44. Nf4 Bf7 45. g3 Qg4 46. Kg2 Be6 47. Nxe6 Qxe6 48. Bf4 b4 49. Rd8+ Kh7 50. Rc7 e3 51. Rdd7 Qe4+ 52. Kg1 Qb1+ 53. Kg2 Qb2+ 54. Kf3 Qf2+ 55. Ke4 e2 56. Rxg7+ Kh8 57. Rh7+ Kg8 58. Rcg7+ Kf8 59. Bd6+ Ke8 1-0

[Event "RUS-ch U14 Girls"]
[Site "Dagomys"]
[Date "2009.04.20"]
[Round "6"]
[White "Makarenko, Alexandra"]
[Black "Sharapova, Anzama"]
[Result "1-0"]
[WhiteElo "1933"]
[BlackElo "1897"]
[PlyCount "107"]
[EventDate "2009.04.15"]
[EventType "swiss"]
[EventRounds "9"]
[EventCountry "RUS"]
[SourceTitle "CBM 130 Extra"]
[Source "ChessBase"]
[SourceDate "2009.07.02"]
[SourceVersion "2"]
[SourceVersionDate "2009.07.15"]
[SourceQuality "1"]

1. e4 c5 2. Nf3 Nc6 3. d4 cxd4 4. Nxd4 e5 5. Nf5 d5 6. exd5 Bxf5 7. dxc6 Qb6 8. Qd5 Bc5 9. Qf3 Ne7 10. Bc4 e4 11. Qe2 Nxc6 12. Bb5 0-0 13. Bxc6 Qxc6 14. 0-0 Qg6 15. Kh1 Bg4 16. Qb5 Rac8 17. Bf4 Bd4 18. c3 a6 19. Qg5 Ba7 20. Nd2 Qe6 21. f3 exf3 22. Nxf3 Bf5 23. Rfe1 Qg6 24. Qxg6 fxg6 25. Be3 Bxe3 26. Rxe3 Rce8 27. Rae1 Rxe3 28. Rxe3 Rd8 29. Nd4 Bb1 30. a4 Kf7 31. Kg1 Rd6 32. Kf2 Rb6 33. b4 Ba2 34. Ke1 Bd5 35. Re2 h6 36. Kd2 Rd6 37. Kd3 Bc6 38. Ra2 Kf6 39. c4 b6 40. Kc3 Bb7 41. Re2 Kf7 42. c5 bxc5 43. bxc5 Rf6 44. Kb4 g5 45. Rc2 Bc6 46. Ka5 Be4 47. Rb2 Ke7 48. Re2 Rf4 49. g3 Rg4 50. h3 Rxg3 51. Rxe4+ Kd7 52. c6+ Kd6 53. Nf5+ Kxc6 54. Nxg3 1-0

[Event "RUS-ch U14 Girls"]
[Site "Dagomys"]
[Date "2009.04.19"]
[Round "5"]
[White "Sharapova, Anzama"]
[Black "Baraeva, Irina"]
[Result "0-1"]
[WhiteElo "1897"]
[BlackElo "2045"]
[PlyCount "76"]
[EventDate "2009.04.15"]
[EventType "swiss"]
[EventRounds "9"]
[EventCountry "RUS"]
[SourceTitle "CBM 130 Extra"]
[Source "ChessBase"]
[SourceDate "2009.07.02"]
[SourceVersion "2"]
[SourceVersionDate "2009.07.15"]
[SourceQuality "1"]

1. e4 d5 2. exd5 Qxd5 3. Nc3 Qa5 4. d4 c6 5. Nf3 Bf5 6. Bc4 e6 7. Bd2 Nd7 8. 0-0 Ngf6 9. Nd5 Qd8 10. Nxf6+ Nxf6 11. Bf4 Bd6 12. Ne5 0-0 13. Re1 Nd5 14. Bg3 Qc7 15. Bd3 Bg6 16. Rc1 Rad8 17. Qf3 Ne7 18. c4 Bxd3 19. c5 Bxe5 20. Bxe5 Qd7 21. Qxd3 Rfe8 22. b4 f6 23. Bg3 Nf5 24. Rcd1 Nxd4 25. Qe4 e5 26. Bh4 Qf5 27. Qe3 Rd5 28. Rf1 Red8 29. Rc1 Qg4 30. Qh3 Qxh3 31. gxh3 Nf3+ 32. Kh1 Nxh4 33. f4 exf4 34. Rxf4 Rd1+ 35. Rf1 Rxf1+ 36. Rxf1 Kf7 37. Kg1 Rd2 38. Rf4 Ng6 0-1